000 00752nam a2200253Ia 4500
008 170203s9999 xx 000 0 und d
020 _a9622583067
050 _a508
050 _bAM15s 2004
245 _aThe Amazing secrets of nature /
245 _ceditor, Sandy Shepherd.
250 _a1st English language ed.
260 _aNew York :
260 _bReader's Digest,
260 _c2004
300 _a350 pages :
300 _bcolor illustrations ;
300 _c28 cm.
500 _a"Original edition first published by Sélection du Reader's Digest, S.A."--T.p. verso.
650 _aNatural history.
650 _aNature.
700 _aReader's Digest Association, Corporate name.
700 _aShephard, Sandy, Author.
999 _c305959
_d305959